header

Managing sport and leisure facilities (Record no. 194266)

MARC details
000 -LEADER
fixed length control field 01239nam a2200313Ia 4500
100 1# - MAIN ENTRY--AUTHOR NAME
Personal name Sayers, Philip,
245 10 - TITLE STATEMENT
Title Managing sport and leisure facilities
260 ## - PUBLICATION, DISTRIBUTION, ETC. (IMPRINT)
Place of publication London ;
-- New York :
Name of publisher E. & F.N. Spon,
Year of publication 1991.
300 ## - PHYSICAL DESCRIPTION
Number of Pages ix, 277 p. :
Other physical details ill.
650 #0 - SUBJECT ADDED ENTRY--TOPICAL TERM
Topical Term Sports facilities
Topical Term Leisure industry
Topical Term Contracts for work and labor
856 40 - ELECTRONIC LOCATION AND ACCESS
Uniform Resource Identifier http://site.ebrary.com/lib/rucke/Doc?id=10096595

No items available.

© 2026 Rongo University
Contact us: librarian | system librarian | Rongo university